00737nam a22002057a 450000500170000001000150001702000260003203500130005803700130007108200110008424500810009526000460017627000660022230000240028850000340031270000210034694200250036799900190039295201200041120161019125650.0 aENG-116228 a9780199452941c850.00 aEN-99760 bDBAD/PUB a305.42 aFeminisms of discontent :cedited by Ashleigh Barnesbglobal contestations / aNew Delhi bOxford University Pressc2015 aYMCA Library Building, 1 Jai Singh Road, bNew Delhi e110001 aix,252p. c22cm(Hb) aIncludes references and index aBarnes,Ashleigh  2ddccENmFEMh305.42 c104059d104059 001040708NFICaBNbBNd2016-10-19eDBAD/PUBg850.00l0o305.42 FEMpEN-99760r2016-10-19 00:00:00t1v850.00yEN